Pays Frontaliers de l'Autriche - Mort Subite - Statistiques

Statistiques générales
  • Ce quiz a été pris 59 fois
  • Le résultat moyen est 5 sur 8
Answers on the Grid
Answers color-coded by a green-red scale on the quiz's grid according to % correct below.
Allemagne
Italie
Hongrie
Tchéquie
Slovénie
Suisse
Slovaquie
Liechtenstein
Pologne
France
Croatie
Bosnie-Herzégovine
Serbie
Ukraine
Saint-Marin
 
Statistiques - réponses
Réponse % Correct
Allemagne
92%
Suisse
84%
Liechtenstein
78%
Italie
73%
Hongrie
57%
Tchéquie
55%
Slovénie
53%
Slovaquie
47%
Aucun quiz correspondant
Distribution des résultats
% des personnes avec chaque résultat
Percentile par nombre de réponses
Votre historique - résultats
Vous n’avez pas pris ce quiz